00856nam a2200205 a 450000100100000000500170001000800410002704000250006808200150009310000390010824500840014726000360023130000210026750000630028850400410035104900090039295201130040195201190051499900170063300001653320200929164927.0100308s1987 dr 001 0 spa d aDO-SdBNPbspacBNPHU axxxbW721p1 aWilliams Zorrilla, Héctor93603210aPsicología femenina y masculina del matrimonio /cHéctor Williams Zorrilla. aSanto Domingo :bTaller,c1987. a232 p. :b23 cm. aIncluye datos biográficos del autor en la contracubierta aIncluye bibliografías [p. 227-228] aBNPD 0010718PDaPDbPDcHDd2010-03-08iLF1l0oxxx W721pp16533-10r2020-06-25w2020-06-25yLFPDZNo se presta 0010718PDaPDbPDcHDd2013-05-14iLF1l0oxxx W721pp16533-20r2020-06-25te. 2w2020-06-25yLFPDZNo se presta c16067d16067